01664nam a2200361 a 4500001001200000003000800012006001900020007001500039008004100054010001700095020002600112020002700138040002100165035002100186050002200207082001500229245014100244260004800385300003800433490005400471504005100525505022800576533015200804650002800956650003500984655002901019700001901048700002001067700001701087710001701104830005501121856012601176ebr10713670CaPaEBRm o u cr cn|||||||||121009s2013 njuad sb 001 0 eng d z 2012041247 z9780470916735 (cloth) z9781118628492 (e-book) aCaPaEBRcCaPaEBR a(OCoLC)84991459914aR856b.I58 2013eb04a610.2822300aIntroduction to neural engineering for motor rehabilitationh[electronic resource] /cedited by Dario Farina, Winnie Jensen, Metin Akay. aHoboken, N.J. :bJohn Wiley & Sons,cc2013. axvii, 579 p. :bill. (some col.).1 aIEEE Press series in biomedical engineering ;v21 aIncludes bibliographical references and index.0 apt. I. Injuries of the nervous system -- pt. II. Signal detection and conditioning -- pt. III. Function replacement (prostheses and orthosis) -- pt. IV. Function restoration -- pt. V. Rehabilitation through neuromodulation. aElectronic reproduction.bPalo Alto, Calif. :cebrary,d2013.nAvailable via World Wide Web.nAccess may be limited to ebrary affiliated libraries. 0aBiomedical engineering. 0aNeural networks (Neurobiology) 7aElectronic books.2local1 aFarina, Dario.1 aJensen, Winnie.1 aAkay, Metin.2 aebrary, Inc. 0aIEEE Press series in biomedical engineering ;v21.40uhttp://site.ebrary.com/lib/rucke/Doc?id=10713670zAn electronic book accessible through the World Wide Web; click to view